000 00722nam a2200241Ia 4500
003 OSt
005 20250806123244.0
008 210210b2005 xxu||||| |||| 00| 0 eng d
020 _a8186668535
040 _cAL
041 _aKannada
082 _aT494.3 UPAS
100 _aUPADHYAYA (U P) Ed
_dಉಪಾಧ್ಯಾಯ (ಯು ಪಿ)
_9234249
245 _aSamskshipta tulu padakosha
_bಸಂಕ್ಷಿಪ್ತ ತುಳು ಪದಕೋಶ
260 _aUdupi
_bRashtrakakvi Govinda Pai Samshodhana Kendra
_c2005
300 _avi,396
650 _atulu
_9234250
650 _aSamskshipta
_9234251
650 _apadakosha
_9234252
690 _aTulu Dictionary
_9234253
906 _a069348
942 _2ddc
_cBK
999 _c119062
_d119062